Security and human rights / (Record no. 29304)
[ view plain ]
| 000 -LEADER | |
|---|---|
| fixed length control field | 03394cam a2200397 i 4500 |
| 001 - CONTROL NUMBER | |
| control field | 20957007 |
| 003 - CONTROL NUMBER IDENTIFIER | |
| control field | EG-ScBUE |
| 005 - DATE AND TIME OF LATEST TRANSACTION | |
| control field | 20210803095613.0 |
| 008 - FIXED-LENGTH DATA ELEMENTS--GENERAL INFORMATION | |
| fixed length control field | 190501s2019 enk f b 001 0 eng d |
| 020 ## - INTERNATIONAL STANDARD BOOK NUMBER | |
| International Standard Book Number | 9781849467308 (paperback) |
| 040 ## - CATALOGING SOURCE | |
| Original cataloging agency | DLC |
| Language of cataloging | eng |
| Description conventions | rda |
| Transcribing agency | DLC |
| Modifying agency | EG-ScBUE |
| 082 04 - DEWEY DECIMAL CLASSIFICATION NUMBER | |
| Classification number | 342.085 |
| Item number | SEC |
| Edition number | 22 |
| 245 00 - TITLE STATEMENT | |
| Title | Security and human rights / |
| Statement of responsibility, etc | edited by Benjamin J. Goold and Liora Lazarus. |
| 250 ## - EDITION STATEMENT | |
| Edition statement | Second edition. |
| 264 #1 - PUBLICATION, DISTRIBUTION, ETC. (IMPRINT) | |
| Place of publication, distribution, etc | Oxford ; |
| -- | Chicago, Illinois : |
| Name of publisher, distributor, etc | Hart, an imprint of Bloomsbury, |
| Date of publication, distribution, etc | 2019. |
| 300 ## - PHYSICAL DESCRIPTION | |
| Extent | xiii, 520 pages |
| Dimensions | 24 cm. |
| 336 ## - CONTENT TYPE | |
| Content type term | text |
| Content type code | txt |
| Source | rdacontent |
| 337 ## - MEDIA TYPE | |
| Media type term | unmediated |
| Media type code | n |
| Source | rdamedia |
| 338 ## - CARRIER TYPE | |
| Carrier type term | volume |
| Carrier type code | nc |
| Source | rdacarrier |
| 490 0# - SERIES STATEMENT | |
| Series statement | Hart studies in security and justice ; |
| Volume number/sequential designation | volume 6 |
| 504 ## - BIBLIOGRAPHY, ETC. NOTE | |
| Bibliography, etc | Includes bibliographical references and index. |
| 505 0# - FORMATTED CONTENTS NOTE | |
| Formatted contents note | Security and human rights : finding a language of resilience and inclusion / Liora Lazarus and Benjamin J Goold -- Torture and othering / Natasa Mavronicola -- Their bodies, ourselves : muslim women's clothing at the intersection of rights, security, and extremism / Rumee Ahmed and Ayesha S Chaudhry -- The uses of religious identity, practice, and dogma in "soft" and "hard" counterterrorism / Aziz Z Huq -- Curtailing citizenship rights as counterterrorism / Lucia Zedner -- Trusted travelers and trojan horses : security, privacy, and privilege at the border / Benjamin J Goold -- Secrecy as a meta-paradigmatic challenge / Liora Lazarus -- Accountability mechanisms for transnational counterterrorism / Kent Roach -- Security and human rights after the nationalist backlash / Victor Ramraj -- The demise of rights as trumps / Robert Diab -- Violence, human rights, and security / Chetan Bhatt -- Privacy versus security : the challenge of striking a balance / Arianna Vedaschi -- Anonymity for victims in terrorism cases at the special tribunal for lebanon : security and human rights at work in international criminal justice / Juan-Pablo Pérez-León Acevedo -- The legal death of rebellion : counterterrorism laws and the shrinking legal freedom of violent political resistance / Ben Saul -- Indirectly inciting terrorism : crimes of expression and the limits of the law / Helen Duffy and Kate Pitcher -- Oversight of the state of emergency in france / Marc-Antoine Granger -- Bounded factuality : the targeted killing of salah shehadeh and the legal epistemology of risk / Shiri Krebs -- The counterterrorism complex / Andreas Armborst -- Security and human rights in the context of forced migration / David Irvine and Travers McLeod. |
| 650 #7 - SUBJECT ADDED ENTRY--TOPICAL TERM | |
| Topical term or geographic name as entry element | Civil rights. |
| Source of heading or term | BUEsh |
| 650 #7 - SUBJECT ADDED ENTRY--TOPICAL TERM | |
| Topical term or geographic name as entry element | National security |
| General subdivision | Law and legislation. |
| Source of heading or term | BUEsh |
| 650 #7 - SUBJECT ADDED ENTRY--TOPICAL TERM | |
| Topical term or geographic name as entry element | National security |
| General subdivision | Philosophy. |
| Source of heading or term | BUEsh |
| 650 #7 - SUBJECT ADDED ENTRY--TOPICAL TERM | |
| Topical term or geographic name as entry element | Terrorism |
| General subdivision | Prevention |
| -- | Law and legislation. |
| Source of heading or term | BUEsh |
| 653 ## - INDEX TERM--UNCONTROLLED | |
| Resource For college | Law |
| Arrived date list | August2021 |
| 655 ## - INDEX TERM--GENRE/FORM | |
| Form subdivision | Reading book |
| 9 (RLIN) | 34232 |
| 700 1# - ADDED ENTRY--PERSONAL NAME | |
| Personal name | Goold, B. J. |
| Fuller form of name | (Benjamin Jervis), |
| Dates associated with a name | 1970- |
| Relator term | editor. |
| 700 1# - ADDED ENTRY--PERSONAL NAME | |
| Personal name | Lazarus, Liora, |
| Relator term | editor. |
| 9 (RLIN) | 38712 |
| 776 08 - ADDITIONAL PHYSICAL FORM ENTRY | |
| Display text | Online version: |
| Title | Security and human rights |
| Edition | Second edition. |
| Place, publisher, and date of publication | Oxford ; Chicago, Illinois : Hart, an imprint of Bloomsbury, 2019 |
| International Standard Book Number | 9781509917778 |
| Record control number | (DLC) 2019022295 |
| 906 ## - LOCAL DATA ELEMENT F, LDF (RLIN) | |
| a | 7 |
| b | cbc |
| c | orignew |
| d | 1 |
| e | ecip |
| f | 20 |
| g | y-gencatlg |
| 942 ## - ADDED ENTRY ELEMENTS (KOHA) | |
| Source of classification or shelving scheme | Dewey Decimal Classification |
| Koha item type | Book - Borrowing |
| Withdrawn status | Lost status | Source of classification or shelving scheme | Damaged status | Not for loan | Collection code | Home library | Current library | Shelving location | Date acquired | Source of acquisition | Cost, normal purchase price | Serial Enumeration / chronology | Total Checkouts | Full call number | Barcode | Date last seen | Cost, replacement price | Price effective from | Koha item type |
|---|---|---|---|---|---|---|---|---|---|---|---|---|---|---|---|---|---|---|---|
| Dewey Decimal Classification | Academic Bookshop | Central Library | Central Library | First floor | 03/08/2021 | Purchase | 880.00 | 31174 | 342.085 SEC | 000050470 | 15/07/2025 | 1100.00 | 03/08/2021 | Book - Borrowing |